000 00489nmm a2200169Ia 4500
008 251105s9999||||xx |||||||||||||||||und||
020 _a9788415216919
041 _aspa
100 _aPuig Montada, Josep
245 0 _aMaimónides: una filosofía para judíos y gentiles
264 _a[Madrid, España] :
_bMontesinos,
_c2011
300 _a200 páginas
490 _aEsencial
650 _aPhilosophy, Ethics
856 _uhttps://public.digitaliapublishing.com/a/70220
942 _cCF
999 _c76570
_d76570